00347nam a2200145Ia 4500008004100000020001500041041001200056082001100068100001800079245003600097250000800133260003300141300001000174650001700184221030s9999 xx 000 0 und d a8177000217 aEnglish a105.23 aS. Domkundwar 2aA Course in Thermal Engineering a5th bDhanpat Rai PubaDelhic2006 a32.12 aBB Mechanics